Faculty of Law Library — Cairo University

Official Online Catalog

A text-book of medical jurisprudence and toxicology / (Record no. 73540)

MARC details
000 -LEADER
fixed length control field 01024nam a2200313 i 4500
003 - CONTROL NUMBER IDENTIFIER
control field EG-GICUC
005 - DATE AND TIME OF LATEST TRANSACTION
control field 20260427082720.0
008 - FIXED-LENGTH DATA ELEMENTS--GENERAL INFORMATION
fixed length control field 260427s1921 ua adolfr|||| 001 0 eng d
040 ## - CATALOGING SOURCE
Original cataloging agency EG-GiCUC
Language of cataloging eng
Transcribing agency EG-GiCUC
Modifying agency EG-GiCUC
Description conventions rda
041 0# - LANGUAGE CODE
Language code of text/sound track or separate title eng
082 04 - DEWEY DECIMAL CLASSIFICATION NUMBER
Edition number 21
Classification number 343.33
Item number GL . T
092 04 - LOCALLY ASSIGNED DEWEY CALL NUMBER (OCLC)
Edition number 21
099 ## - LOCAL FREE-TEXT CALL NUMBER (OCLC)
Classification number Law1 10 343.33 GL . T 1 ed - 1921
100 1# - MAIN ENTRY--PERSONAL NAME
Personal name Glaister, John,
Relator term Author.
245 10 - TITLE STATEMENT
Title A text-book of medical jurisprudence and toxicology /
Statement of responsibility, etc. by John Glaister.
250 ## - EDITION STATEMENT
Edition statement Fourth edition.
264 ## - PRODUCTION, PUBLICATION, DISTRIBUTION, MANUFACTURE, AND COPYRIGHT NOTICE
Place of production, publication, distribution, manufacture Edinburgh :
Name of producer, publisher, distributor, manufacturer E. & S. Livingstone,
Date of production, publication, distribution, manufacture, or copyright notice 1921.
300 ## - PHYSICAL DESCRIPTION
Extent 902 pages :
Other physical details illustrations,graphs ,photographs
Dimensions 24 cm
336 ## - CONTENT TYPE
Source rda content
Content type term text
337 ## - MEDIA TYPE
Source rda media
Media type term Computer
338 ## - CARRIER TYPE
Source rda carrier
Carrier type term Online Resource
504 ## - BIBLIOGRAPHY, ETC. NOTE
Bibliography, etc. note Includes bibliographical references and index.<br/><br/>
546 ## - LANGUAGE NOTE
Language note Text in English
650 14 - SUBJECT ADDED ENTRY--TOPICAL TERM
Topical term or geographic name entry element Criminal law.
Source of heading or term qrmak
651 1# - SUBJECT ADDED ENTRY--GEOGRAPHIC NAME
Source of heading or term qrmak
856 40 - ELECTRONIC LOCATION AND ACCESS
Uniform Resource Identifier <a href="https://fll.law.cu.edu.eg/fulltext/bks/B10-11393.pdf">https://fll.law.cu.edu.eg/fulltext/bks/B10-11393.pdf</a>
905 ## - Cataloger and Reviser Names
Cataloger Name: Ganna Ahmed
942 ## - ADDED ENTRY ELEMENTS (KOHA)
Source of classification or shelving scheme Dewey Decimal Classification
Koha item type Books
Edition 21
Suppress in OPAC No
Holdings
Withdrawn status Lost status Source of classification or shelving scheme Damaged status Not for loan Collection Home library Current library Date acquired Total checkouts Full call number Barcode Date last seen Copy number Price effective from Koha item type
    Dewey Decimal Classification   Not for loan القانون الجنائي جــــامعة القــاهرة مكتبة كلية الحقوق - المبنى الرئيسي 27.04.2026   Law1 10 343.33 GL . T 1 ed - 1921 1011393 C1 B10-11393 27.04.2026 1 27.04.2026 Books

© All rights reserved — Faculty of Law, Cairo University